Les 20 villes les plus peuplées de Picardie de 1806 à 2023 - Statistiques

Statistiques générales
  • Ce quiz a été pris 62 fois
  • Le résultat moyen est 90 sur 160
Statistiques - réponses
Hint Réponse % Correct
1806 Amiens 39 853
100%
1846 Amiens 49 591
100%
1876 Amiens 66 896
100%
1911 Amiens 93 207
100%
1936 Amiens 93 773
100%
1968 Amiens 117 888
100%
1999 Amiens 135 501
100%
2023 Amiens 136 449
100%
1806 Beauvais 13 183
96%
1846 Beauvais 14 527
96%
1876 Beauvais 20 329
96%
1911 Beauvais 25 264
96%
1936 Beauvais 27 225
96%
1968 Beauvais 46 859
96%
1999 Beauvais 55 392
96%
2023 Beauvais 55 550
96%
1806 Laon 6 976
93%
1846 Laon 9 809
93%
1876 Laon 12 139
93%
1911 Laon 16 262
93%
1936 Laon 20 245
93%
1968 Laon 26 312
93%
1999 Laon 26 265
93%
2023 Laon 24 220
93%
1806 Saint-Quentin 10 535
89%
1846 Saint-Quentin 23 852
89%
1876 Saint-Quentin 38 924
89%
1911 Saint-Quentin 55 571
89%
1936 Saint-Quentin 49 028
89%
1968 Saint-Quentin 64 196
89%
1999 Saint-Quentin 59 066
89%
2023 Saint-Quentin 52 813
89%
1806 Compiègne 7 165
86%
1846 Compiègne 9 762
86%
1876 Compiègne 13 393
86%
1911 Compiègne 17 046
86%
1936 Compiègne 18 885
86%
1968 Compiègne 29 700
86%
1999 Compiègne 41 254
86%
2023 Compiègne 40 761
86%
1806 Abbeville 17 660
79%
1846 Abbeville 18 072
79%
1876 Abbeville 19 381
79%
1911 Abbeville 20 373
79%
1936 Abbeville 19 345
79%
1968 Abbeville 23 999
79%
1999 Abbeville 24 567
79%
2023 Abbeville 22 395
79%
1806 Soissons 8 126
77%
1846 Soissons 10 143
77%
1876 Soissons 11 089
77%
1911 Soissons 14 458
77%
1936 Soissons 20 090
77%
1968 Soissons 25 890
77%
1999 Soissons 29 453
77%
2023 Soissons 28 046
77%
1876 Creil 5 737
71%
1911 Creil 10 214
71%
1936 Creil 10 899
71%
1968 Creil 32 544
71%
1999 Creil 30 675
71%
2023 Creil 36 301
71%
1806 Senlis 4 665
66%
1846 Senlis 5 768
66%
1876 Senlis 6 545
66%
1911 Senlis 7 006
66%
1936 Senlis 7 549
66%
1968 Senlis 11 169
66%
1999 Senlis 16 327
66%
2023 Senlis 15 157
66%
1806 Château-Thierry 4 730
61%
1846 Château-Thierry 5 413
61%
1876 Château-Thierry 6 902
61%
1911 Château-Thierry 7 771
61%
1936 Château-Thierry 7 928
61%
1968 Château-Thierry 11 049
61%
1999 Château-Thierry 14 967
61%
2023 Château-Thierry 15 097
61%
1806 Péronne 3 634
61%
1846 Péronne 4 294
61%
1876 Péronne 4 987
61%
1911 Albert 7 343
50%
1936 Albert 9 255
50%
1968 Albert 10 960
50%
1876 Villers-Bretonneux 5 356
48%
1911 Villers-Cotterêts 6 246
48%
1936 Chantilly 6 002
46%
1968 Chantilly 10 246
46%
1999 Chantilly 10 902
46%
2023 Chantilly 10 591
46%
1936 Nogent-sur-Oise 6 416
45%
1968 Nogent-sur-Oise 11 506
45%
1999 Nogent-sur-Oise 19 151
45%
2023 Nogent-sur-Oise 21 907
45%
1846 Clermont 4 805
43%
1876 Clermont 6 101
43%
1911 Clermont 6 004
43%
1968 Clermont 8 437
43%
2023 Clermont 10 564
43%
1806 Noyon 5 887
43%
1846 Noyon 6 270
43%
1876 Noyon 6 439
43%
1911 Noyon 7 277
43%
1936 Noyon 6 335
43%
1968 Noyon 11 603
43%
1999 Noyon 14 471
43%
2023 Noyon 12 971
43%
1806 Montdidier 4 130
39%
1846 Montdidier 3 904
39%
1999 Tergnier 15 069
39%
2023 Tergnier 13 045
39%
1806 Chauny 3 901
34%
1846 Chauny 5 796
34%
1876 Chauny 9 198
34%
1911 Chauny 10 696
34%
1936 Chauny 9 061
34%
1968 Chauny 13 920
34%
1999 Chauny 12 523
34%
2023 Chauny 11 596
34%
1806 Vervins 2 872
34%
1911 Hirson 9 638
32%
1936 Hirson 11 203
32%
1968 Hirson 11 858
32%
1999 Hirson 10 337
32%
1968 Crépy-en-Valois 8 660
30%
1999 Crépy-en-Valois 14 436
30%
2023 Crépy-en-Valois 14 351
30%
1999 Méru 12 712
27%
2023 Méru 13 897
27%
1968 Pont-Sainte-Maxence 8 639
27%
1999 Pont-Sainte-Maxence 12 445
27%
2023 Pont-Sainte-Maxence 12 361
27%
1876 Montataire 5 105
25%
1911 Montataire 7 347
25%
1936 Montataire 7 368
25%
1968 Montataire 10 020
25%
1999 Montataire 12 048
25%
2023 Montataire 14 257
25%
1806 Roye 3 273
23%
1846 Roye 3 944
23%
1806 Saint-Valery-sur-Somme 3 123
21%
1806 Doullens 3 457
16%
1846 Doullens 4 382
16%
1876 Doullens 4 810
16%
1911 Doullens 6 075
16%
1806 Guise 3 097
14%
1876 Guise 6 503
14%
1911 Guise 8 426
14%
1936 Guise 7 864
14%
1846 La Fère 4 632
14%
1876 La Fère 4 914
14%
1846 Bohain-en-Vermandois 3 998
13%
1876 Bohain-en-Vermandois 6 005
13%
1911 Bohain-en-Vermandois 6 877
13%
1936 Bohain-en-Vermandois 6 246
13%
1806 Le Nouvion-en-Thiérache 3 082
5%
1936 Sissonne 8 271
4%
1846 Fresnoy-le-Grand 3 969
2%
1806 Vignacourt 2 968
0%
1846 Vignacourt 3 851
0%
Aucun quiz correspondant
Distribution des résultats
% des personnes avec chaque résultat
Percentile par nombre de réponses
Votre historique - résultats
Vous n’avez pas pris ce quiz